| 000 | 00848nac a22002417a 4500 | ||
|---|---|---|---|
| 001 | BR9504633 | ||
| 003 | BR-BrBNA | ||
| 005 | 20240105121639.0 | ||
| 008 | 230509b bl.|||m| |||| 00| 0 por d | ||
| 040 |
_aBR-BrBNA _bpor _cBiblioteca Nacional de Agricultura |
||
| 072 | _aE40 | ||
| 090 | _aE40 BR9504633 | ||
| 100 | 1 | _aGayotto, A.M. | |
| 110 | 1 |
_aSecretaria da Agricultura, Sao Paulo, SP (Brasil). Depto. de Assistencia ao Cooperativismo _98512 |
|
| 245 | 1 | _aO poder da cesta. As donas de casa e as cooperativas de consumo | |
| 250 | 1 | _a5. ed. | |
| 260 | 3 |
_aSao Paulo, SP (Brasil): _c1966. |
|
| 300 | _a8 p. | ||
| 490 |
_aPublicacao - Secretaria da Agricultura. Depto. de Assistencia ao Cooperativismo (Brazil) _vno. 901 _x |
||
| 650 | _aCooperativa de Consumo | ||
| 909 |
_a202312 _bLúcia Elande _c55 _dLúcia Elande |
||
| 942 |
_2AGRIS _n0 _cMS |
||
| 999 |
_c286553 _d286553 |
||